00764nam a22001815i 4500001000700000003000900007005001700016008004100033040002000074100003400094245009200128260007200220300001900292595005800311852007200369999001900441952012200460164765ES-MaACL20230906213011.0960612q19001950sp |||| | spa d aCLM bspa cCLM1 aSantoval, Domingo de.910354214aLos manchegos en el Polo norte b: novela festiva original / cpor Domingo de Santoval. aMadrid : bManini Hermanos, c[s.a.] (fImprenta de LarxØ e hijos) a238 ; c18 cm. 1aPor la tipografía parece de la 1a. mitad del S. XX. aES-MaACLjD-2460 z-- Rúst. x-- Edic.: corregir el imp.: Larxé c164765d164765 00104070aATENEOMbATENEOMcSVId2008-01-17eSSCl0oD-2460p901172720r2023-02-23 00:00:00w2023-02-23yMONOGRAFIA